Labor Economics

Salvato in:
Dettagli Bibliografici
Autore principale: Cahuc, Pierre
Altri autori: Carcillo, Stéphane, Zylberberg, André
Natura: Libro
Lingua:inglese
Pubblicazione: Cambridge Massachusetts Institute of Technology 2014
Edizione:2nd Edition
Soggetti:
Tags: Aggiungi Tag
Nessun Tag, puoi essere il primo ad aggiungerne!!

MARC

LEADER 00000nam a2200000 4500
001 0279648
005 20240416113604.8
020 |a 978-0-262-02770-0 
041 0 |a eng 
044 |a US 
245 1 0 |a Labor Economics  |c Pierre Cahuc, Stéphane Carcillo, André Zylberberg 
250 |a 2nd Edition 
264 1 |a Cambridge  |b Massachusetts Institute of Technology  |c 2014 
300 |a 1043 s. 
610 2 0 |a trh práce 
610 2 0 |a ponuka práce 
610 2 0 |a dopyt po práci 
610 2 0 |a mzdy 
610 2 0 |a kapitál ľudský 
610 2 0 |a vzdelanie 
610 2 0 |a zmluvy pracovné 
610 2 0 |a odbory 
610 2 0 |a diskriminácia pracovná 
610 2 0 |a nezamestnanosť 
610 2 0 |a globalizácia 
100 1 |a Cahuc, Pierre 
700 1 |a Carcillo, Stéphane 
700 1 |a Zylberberg, André